书目信息 |
| 题名: |
米克沙特短篇小说选
|
|
| 作者: | 卡尔曼 著 ;冯植生 译 | |
| 分册: | ||
| 出版信息: | 上海 上海译文出版社 1981 |
|
| 页数: | 434页 | |
| 开本: | 19cm | |
| 丛书名: | ||
| 单 册: | ||
| 中图分类: | I515.4 | |
| 科图分类: | ||
| 主题词: | 短篇小说--匈牙利--近代--选集 | |
| 电子资源: | ||
| ISBN: | ||
| 000 | 00769nam0 2200241 45 | |
| 001 | 0181008531 | |
| 005 | 20060323172653.32 | |
| 010 | @dCNY1.05 | |
| 091 | @a10188.207 | |
| 100 | @a19950705d1981 em y0chiy0121 ea | |
| 101 | 1 | @achi@chun |
| 102 | @aCN@b310000 | |
| 105 | @ay z 000fy | |
| 200 | 10 | @a米克沙特短篇小说选@Ami ke sha te duan pian xiao shuo xuan@f(匈)米克沙特·卡尔曼著@F(xiong)mi ke sha te·ka er man zhu@g冯植生译 |
| 210 | @a上海@c上海译文出版社@d1981 | |
| 215 | @a434页@d19cm | |
| 606 | @a短篇小说@y匈牙利@z近代@x选集 | |
| 690 | @aI515.4 | |
| 701 | 0 | @a卡尔曼@Aka er man@4著 |
| 702 | 0 | @a冯植生@Afeng zhi sheng@4译 |
| 801 | 2 | @aCN@bNLC@c20060323 |
| 801 | 0 | @aCN@b上海图书馆@c20040413 |
| 905 | @f2@b53349-350@f3@b53339-341@f1@b53346@dI515.4@e459 | |
| 米克沙特短篇小说选/(匈)米克沙特·卡尔曼著/冯植生译.-上海:上海译文出版社,1981 |
| 434页;19cm |
| ISBN :CNY1.05 |
| ● |
| 相关链接 |
|
|
|
|
正题名:米克沙特短篇小说选
索取号:I515.4/459
 
预约/预借
| 序号 | 登录号 | 条形码 | 馆藏地/架位号 | 状态 | 备注 |
| 1 | 0053338 | 202211132 | 密集书库/ [索取号:I515.4/459] | 在馆 | |
| 2 | 0053339 | 000334409 | 第二借阅区/ [索取号:I515.4/459] | 在馆 | |
| 3 | 0053340 | 000334212 | 第二借阅区/ [索取号:I515.4/459] | 在馆 | |
| 4 | 0053341 | 000334221 | 第二借阅区/ [索取号:I515.4/459] | 在馆 | |
| 5 | 0053342 | 001532274 | 密集书库/ [索取号:I515.4/459] | 在馆 | |
| 6 | 0053343 | 001532283 | 密集书库/ [索取号:I515.4/459] | 在馆 | |
| 7 | 0053344 | 001532210 | 密集书库/ [索取号:I515.4/459] | 在馆 | |
| 8 | 0053345 | 001532229 | 密集书库/ [索取号:I515.4/459] | 在馆 | |
| 9 | 0053346 | 000334329 | 第二借阅区/ [索取号:I515.4/459] | 在馆 | |
| 10 | 0053347 | 001915556 | 密集书库/ [索取号:I515.4/459] | 在馆 | |
| 11 | 0053348 | 001915592 | 密集书库/ [索取号:I515.4/459] | 在馆 | |
| 12 | 0053349 | 000334365 | 第二借阅区/ [索取号:I515.4/459] | 在馆 | |
| 13 | 0053350 | 000334230 | 第二借阅区/ [索取号:I515.4/459] | 在馆 | |
| 14 | 0053351 | 001532265 | 密集书库/ [索取号:I515.4/459] | 在馆 | |
| 15 | 0053352 | 001907510 | 密集书库/ [索取号:I515.4/459] | 在馆 |